000 00876nas a2200265 454500
001 37006
005 20260407193509.0
008 260407s1994####ag###########|||spa#d
003 AR-UNSa-BCEJYS
040 _aAR-UNSa-BCEJYS
_bspa
_cAR-UNSa-BCEJYS
080 _a314
_xDemografía. Estudios de población
245 1 0 _aNexos
022 _a0328-5030
264 1 _aMar del Plata :
_bUniversidad Nacional de Mar del Plata
_c1994
505 _aFeecuencia: Irregular
041 _aspa
942 _cSER
590 _aniveau_biblio:s niveau_hierar:1
100 1 _aUniversidad Nacional de Mar del Plata. Secretaría de Investigación y Desarrollo Tecnológíco
700 1 _aDella Vedora, Olga O.
650 _aMigración
650 _aPoblación
650 _aCondición social
856 4 1 _uhttps://170.210.207.44/pmb/images/revistas/R19235.jpg
_yImagen de portada
_qimage/jpeg
999 _c8803
_d8803